[Event "34th European Club Cup 2018"]
[Site "Halkidiki"]
[Date "2018.10.16"]
[Round "5"]
[White "Podlesnik, Bogdan"]
[Black "Van der Heijden, Ton"]
[Result "0-1"]
[WhiteElo "2365"]
[BlackElo "2300"]
[Annotator "TA"]
[PlyCount "78"]
[EventDate "2018.10.12"]
[EventType "team-tourn"]
[EventCountry "GRE"]
[SourceTitle "playchess.com"]
[Source "ChessBase"]
[SourceQuality "1"]
[WhiteTeam "Asseco SEE"]
[BlackTeam "BSG"]

1. e4 c5 2. Nf3 e6 3. d4 cxd4 4. Nxd4 Nf6 5. Nc3 d6 6. f4 a6 7. Qf3 Qb6 8. Nb3 Qc7 9. g4 b5 10. g5 Nfd7 11. Bd3 Bb7 12. Bd2 Nc5 13. Rf1 g6 14. a4 b4 15. Nd1 a5 16. Nxc5 dxc5 17. Ne3 Bg7 18. O-O-O O-O 19. b3 Nd7 20. Qh3 Ba6 21. e5 Nb6 22. Bxa6 Rxa6 23. Ng4 c4 24. Kb1 Rc8 25. Rc1 Nd5 26. Nf6+ Nxf6 27. gxf6 Bf8 28. Qf3 Rc6 29. h4 Qb6 30. h5 Qd4 31. hxg6 fxg6 32. f5 exf5 33. Be3 Qxe5 34. f7+ Kxf7 35. Rcd1 cxb3 36. cxb3 Rc3 37. Qb7+ Kg8 38. Bd4 Rxb3+ 39. Ka2 Qe2+ 0-1

[Event "34th European Club Cup 2018"]
[Site "Halkidiki"]
[Date "2018.10.16"]
[Round "5"]
[White "Lenaerts, Lennert"]
[Black "Roobol, Martin"]
[Result "1-0"]
[WhiteElo "2362"]
[BlackElo "2243"]
[Annotator "TA"]
[PlyCount "72"]
[EventDate "2018.10.12"]
[EventType "team-tourn"]
[EventCountry "GRE"]
[SourceTitle "playchess.com"]
[Source "ChessBase"]
[SourceQuality "1"]
[WhiteTeam "Aachen"]
[BlackTeam "Leiden"]

1. d4 Nf6 2. c4 g6 3. Nc3 Bg7 4. e4 d6 5. h3 O-O 6. Be3 Na6 7. Nf3 e5 8. d5 Nh5 9. a3 Nc5 10. b4 Nd7 11. c5 f5 12. g4 Nf4 13. g5 Rf7 14. cxd6 cxd6 15. h4 Nb6 16. Nd2 Bd7 17. Qb3 Rc8 18. a4 Be8 19. a5 Rfc7 20. axb6 Rxc3 21. Qxc3 Rxc3 22. bxa7 b5 23. Nc4 Rxc4 24. Bxc4 Qa8 25. Bb3 Bf8 26. Kd2 fxe4 27. Rhc1 Bf7 28. Rc8 Qxc8 29. a8=Q Qg4 30. Bd1 Qxh4 31. Qd8 Bxd5 32. Ra7 Ne6 33. Qe8 Nd4 34. Rc7 Nf5 35. Rc8 Nd4 36. Rc7 Nf3+ 1-0

[Event "34th European Club Cup 2018"]
[Site "Halkidiki"]
[Date "2018.10.16"]
[Round "5"]
[White "Lovik, Lasse Ostebo"]
[Black "Naumann, Alexander"]
[Result "0-1"]
[WhiteElo "2362"]
[BlackElo "2546"]
[Annotator "TA"]
[PlyCount "52"]
[EventDate "2018.10.12"]
[EventType "team-tourn"]
[EventCountry "GRE"]
[SourceTitle "playchess.com"]
[Source "ChessBase"]
[SourceQuality "1"]
[WhiteTeam "SK Oslo"]
[BlackTeam "Solingen"]

1. e4 c5 2. Nf3 e6 3. d4 cxd4 4. Nxd4 Nc6 5. Nc3 Qc7 6. Be3 a6 7. Bd3 Nf6 8. h3 b5 9. Nxc6 Qxc6 10. e5 Qxg2 11. Rf1 Nd5 12. Be4 Nxe3 13. Bxg2 Nxd1 14. Bxa8 Nxb2 15. Ne4 Nc4 16. Nd6+ Nxd6 17. exd6 Bxd6 18. Kd2 Bf4+ 19. Kd3 d5 20. a4 Bd7 21. Bb7 bxa4 22. Bxa6 O-O 23. Rfb1 e5 24. Rb4 Bf5+ 25. Kc3 d4+ 26. Kb2 Bd2 0-1

[Event "34th European Club Cup 2018"]
[Site "Halkidiki"]
[Date "2018.10.16"]
[Round "5"]
[White "Cramling, Dan"]
[Black "Dek, Lennart"]
[Result "0-1"]
[WhiteElo "2358"]
[BlackElo "2304"]
[Annotator "TA"]
[PlyCount "28"]
[EventDate "2018.10.12"]
[EventType "team-tourn"]
[EventCountry "GRE"]
[SourceTitle "playchess.com"]
[Source "ChessBase"]
[SourceQuality "1"]
[WhiteTeam "Team Viking"]
[BlackTeam "Deloitte"]

1. d4 d5 2. c4 c6 3. Nc3 Nf6 4. e3 a6 5. Qc2 e6 6. Nf3 c5 7. dxc5 Bxc5 8. a3 dxc4 9. Bxc4 b5 10. Nxb5 axb5 11. Bxb5+ Bd7 12. Bxd7+ Nbxd7 13. O-O O-O 14. Bd2 Qb8 0-1

[Event "34th European Club Cup 2018"]
[Site "Halkidiki"]
[Date "2018.10.16"]
[Round "5"]
[White "Ledger, Andrew J"]
[Black "Liiva, Riho"]
[Result "1/2-1/2"]
[WhiteElo "2353"]
[BlackElo "2456"]
[Annotator "TA"]
[PlyCount "61"]
[EventDate "2018.10.12"]
[EventType "team-tourn"]
[EventCountry "GRE"]
[SourceTitle "playchess.com"]
[Source "ChessBase"]
[SourceQuality "1"]
[WhiteTeam "Blackthorne"]
[BlackTeam "Reval"]

1. d4 d5 2. c4 c6 3. Nf3 e6 4. e3 f5 5. Bd3 Nf6 6. O-O Bd6 7. b3 Qe7 8. Bb2 O-O 9. Nc3 Ne4 10. Ne2 b6 11. Rc1 Bb7 12. Ne5 Nd7 13. cxd5 cxd5 14. f3 Nef6 15. Nf4 Rfc8 16. Qe2 Nf8 17. Bb5 a6 18. Rxc8 Bxc8 19. Bd3 Bb7 20. Rc1 a5 21. Bb5 Rc8 22. Rxc8 Bxc8 23. Qc2 Qc7 24. Qxc7 Bxc7 25. Ba3 g5 26. Nfd3 Kg7 27. h3 h6 28. g4 fxg4 29. hxg4 N8d7 30. Kg2 Nb8 31. Kf2 1/2-1/2

[Event "34th European Club Cup 2018"]
[Site "Halkidiki"]
[Date "2018.10.16"]
[Round "5"]
[White "Kalogeris, Ioannis"]
[Black "Kaczmarczyk, Dennis"]
[Result "0-1"]
[WhiteElo "2351"]
[BlackElo "2442"]
[Annotator "TA"]
[PlyCount "252"]
[EventDate "2018.10.12"]
[EventType "team-tourn"]
[EventCountry "GRE"]
[SourceTitle "playchess.com"]
[Source "ChessBase"]
[SourceQuality "1"]
[WhiteTeam "Thessalonikis"]
[BlackTeam "Winterthur"]

1. e4 e6 2. d4 d5 3. Nc3 Bb4 4. Nge2 dxe4 5. a3 Be7 6. Nxe4 Nd7 7. g3 Ngf6 8. Nxf6+ Nxf6 9. Bg2 O-O 10. O-O Rb8 11. c4 b5 12. cxb5 Rxb5 13. Qa4 a6 14. Nc3 Rb6 15. Qc4 Bd7 16. Rd1 Bb5 17. Nxb5 axb5 18. Qc2 Qd7 19. Bd2 Rc8 20. Bb4 Bxb4 21. axb4 Rd6 22. Qc5 c6 23. Ra7 Qd8 24. h3 h6 25. Bf3 Nd5 26. Rc1 Nf6 27. Rb7 Rxd4 28. Bxc6 Ne4 29. Qe7 Qxe7 30. Rxe7 Rxb4 31. Rc2 Nf6 32. Rb7 g5 33. Kg2 Kf8 34. Rc5 Rxb2 35. Rcxb5 Rxb5 36. Bxb5 Rc3 37. Ra7 Kg7 38. Ra2 Nd5 39. Be2 Kg6 40. Bf3 Nf6 41. Ra5 Rc4 42. Ra3 Rd4 43. Re3 h5 44. Re5 h4 45. g4 Nd7 46. Re3 Kf6 47. Bc6 Ne5 48. Be4 Nc4 49. Re2 Nd6 50. Bc2 Ke7 51. Bb1 Rb4 52. Re1 Nb5 53. Be4 Nc3 54. Bf3 Kd6 55. Re3 Rc4 56. Be2 Rc5 57. Bf3 Nb5 58. Rd3+ Ke7 59. Be4 Rc3 60. Rd2 Nd6 61. Re2 Ne8 62. Ra2 Nc7 63. Re2 Kf6 64. Rd2 Rc5 65. Rd3 e5 66. Rf3+ Ke7 67. Ra3 Ne6 68. Ra7+ Kf6 69. Ra3 Nf4+ 70. Kh2 Rb5 71. Ra6+ Kg7 72. Ra3 Rb2 73. Kg1 Re2 74. Bg2 Rd2 75. Be4 Rd4 76. Bg2 Rd1+ 77. Kh2 Rd2 78. Kg1 Nd3 79. Ra5 Rxf2 80. Be4 Rd2 81. Rd5 Rd1+ 82. Kh2 Rd2+ 83. Kg1 Rd1+ 84. Kh2 Nf2 85. Rxe5 f6 86. Rd5 Rxd5 87. Bxd5 Nd3 88. Bc4 Nf4 89. Bf1 Kf7 90. Kg1 Ke6 91. Kf2 Ke5 92. Ke3 Nd5+ 93. Kf3 Kd4 94. Be2 Nf4 95. Bf1 Nd3 96. Be2 Ne5+ 97. Kf2 Ke4 98. Ba6 Kf4 99. Be2 Nd7 100. Bd3 Nc5 101. Bc2 Ne6 102. Bb3 Nc5 103. Bc2 Ke5 104. Bf5 Kd4 105. Ke2 Ne4 106. Kf3 Nc3 107. Be6 Kd3 108. Bf7 Kd2 109. Bc4 Nd1 110. Ba6 Ke1 111. Ke4 Nf2+ 112. Kf5 Nxh3 113. Kxf6 Kf2 114. Kf5 Kg3 115. Bb7 Nf2 116. Kxg5 Nxg4 117. Kf5 h3 118. Ke4 h2 119. Kd3 Kf2 120. Kd2 Ne3 121. Bh1 Nf5 122. Ba8 Nh4 123. Bh1 Ng6 124. Kd1 Ne5 125. Kd2 Nc4+ 126. Kd1 Kf1 0-1

[Event "34th European Club Cup 2018"]
[Site "Halkidiki"]
[Date "2018.10.16"]
[Round "5"]
[White "Grigorian, Spartak"]
[Black "Seyb, Alexander"]
[Result "0-1"]
[WhiteElo "2347"]
[BlackElo "2411"]
[Annotator "TA"]
[PlyCount "86"]
[EventDate "2018.10.12"]
[EventType "team-tourn"]
[EventCountry "GRE"]
[SourceTitle "playchess.com"]
[Source "ChessBase"]
[SourceQuality "1"]
[WhiteTeam "Bremen"]
[BlackTeam "Berlin"]

1. d4 Nf6 2. c4 g6 3. Nc3 d5 4. Qb3 dxc4 5. Qxc4 Be6 6. Qb5+ Bd7 7. Qb3 c5 8. dxc5 Na6 9. Qa3 Rc8 10. b4 Nb8 11. Nf3 a5 12. Qxa5 Qxa5 13. bxa5 Rxc5 14. Bd2 Bg7 15. Rb1 Nc6 16. Rxb7 O-O 17. e4 Nxa5 18. Ra7 Bc6 19. Nd4 Bxe4 20. Na4 Rd5 21. Bxa5 Rxd4 22. Bc3 Rd6 23. f3 Bc2 24. Kf2 Rc8 25. Bb4 Rd4 26. Nb6 Rb8 27. Bc5 Rd2+ 28. Ke3 Bh6+ 29. f4 Rd1 30. g3 e5 31. Bg2 exf4+ 32. Ke2 Rbd8 33. Rxd1 Bxd1+ 34. Ke1 f3 35. Bxf3 Bxf3 36. Be7 Rb8 37. Bxf6 Rxb6 38. Bd4 Rb4 39. Rd7 Rc4 40. Kf2 Bg4 41. Rd8+ Bf8 42. Ke3 Rc8 43. Rd5 Ra8 0-1

[Event "34th European Club Cup 2018"]
[Site "Halkidiki"]
[Date "2018.10.16"]
[Round "5"]
[White "Sylvan, Jacob"]
[Black "Lex, Gereon"]
[Result "1-0"]
[WhiteElo "2336"]
[BlackElo "1836"]
[Annotator "TA"]
[PlyCount "77"]
[EventDate "2018.10.12"]
[EventType "team-tourn"]
[EventCountry "GRE"]
[SourceTitle "playchess.com"]
[Source "ChessBase"]
[SourceQuality "1"]
[WhiteTeam "Nordkalotten"]
[BlackTeam "Dudelange"]

1. e4 e5 2. Nf3 Nc6 3. Bb5 a6 4. Ba4 Nf6 5. O-O Be7 6. Re1 b5 7. Bb3 O-O 8. c3 d5 9. exd5 Nxd5 10. Nxe5 Nxe5 11. Rxe5 c6 12. d3 Bd6 13. Re1 Bf5 14. Qf3 Qh4 15. g3 Qh3 16. Be3 Bg4 17. Qg2 Qh5 18. Nd2 Rae8 19. Bd1 Bxd1 20. Raxd1 Rxe3 21. fxe3 Nxe3 22. Rxe3 Qxd1+ 23. Nf1 Rc8 24. Qh3 f5 25. Qxf5 Rf8 26. Qh3 b4 27. Qg2 a5 28. d4 a4 29. Qe2 Qc1 30. Re6 b3 31. axb3 a3 32. bxa3 Bxa3 33. Rxc6 Bb2 34. Qc4+ Kh8 35. Rc8 Ba3 36. Rxf8+ Bxf8 37. Qf7 Qa3 38. b4 Qa8 39. b5 1-0

[Event "34th European Club Cup 2018"]
[Site "Halkidiki"]
[Date "2018.10.16"]
[Round "5"]
[White "Vedder, Henk"]
[Black "Papadopoulos, Argirios"]
[Result "1-0"]
[WhiteElo "2336"]
[BlackElo "2213"]
[Annotator "TA"]
[PlyCount "63"]
[EventDate "2018.10.12"]
[EventType "team-tourn"]
[EventCountry "GRE"]
[SourceTitle "playchess.com"]
[Source "ChessBase"]
[SourceQuality "1"]
[WhiteTeam "En Passant"]
[BlackTeam "Chania CA"]

1. d4 Nf6 2. Nc3 c5 3. d5 e6 4. e4 exd5 5. exd5 d6 6. Nf3 Be7 7. Be2 O-O 8. O-O Re8 9. Nd2 Na6 10. Nc4 Nc7 11. a4 b6 12. Re1 Rb8 13. Bf4 a6 14. Bf3 b5 15. axb5 axb5 16. Na5 Bd7 17. Nc6 Bxc6 18. dxc6 Ne6 19. Bg3 Nd4 20. Nd5 Nxd5 21. Bxd5 Qc7 22. b4 Bf8 23. bxc5 Nxc6 24. Rxe8 Rxe8 25. cxd6 Qd7 26. Bxc6 Qxc6 27. d7 Rd8 28. Ra7 Bc5 29. Rc7 Qb6 30. Rc8 Bf8 31. Rxd8 Qxd8 32. Bc7 1-0

[Event "34th European Club Cup 2018"]
[Site "Halkidiki"]
[Date "2018.10.16"]
[Round "5"]
[White "Hammes, Michael"]
[Black "Varga, Zoltan"]
[Result "1/2-1/2"]
[WhiteElo "2335"]
[BlackElo "2448"]
[Annotator "TA"]
[PlyCount "125"]
[EventDate "2018.10.12"]
[EventType "team-tourn"]
[EventCountry "GRE"]
[SourceTitle "playchess.com"]
[Source "ChessBase"]
[SourceQuality "1"]
[WhiteTeam "Eynatten"]
[BlackTeam "Dunajska Streda"]

1. d4 d5 2. c4 dxc4 3. e3 Nf6 4. Bxc4 e6 5. Nf3 a6 6. a4 c5 7. O-O Nc6 8. Nc3 cxd4 9. Nxd4 Bd7 10. b3 Na5 11. Be2 Rc8 12. Bb2 Qb6 13. Rb1 Be7 14. Ba1 O-O 15. b4 Nc4 16. b5 a5 17. Nf3 Bd6 18. Bxc4 Rxc4 19. Qd3 Qc7 20. Rfd1 Be7 21. Ne5 Rh4 22. Nxd7 Qxh2+ 23. Kf1 Rd8 24. Nxf6+ gxf6 25. Qc2 Rc8 26. Ke2 Qe5 27. Rd3 Bb4 28. Rbd1 Kg7 29. Rd4 Qh5+ 30. f3 Rxd4 31. Rxd4 Qh1 32. Rg4+ Kf8 33. Bb2 f5 34. Rg3 Qh4 35. Kf2 f4 36. exf4 Bc5+ 37. Kf1 Qxg3 38. Ne4 Qxf4 39. Nxc5 Ke8 40. Qe4 Qxe4 41. Nxe4 Rc2 42. Bd4 Kd7 43. Bb6 Rc4 44. Nc5+ Kc8 45. g4 f5 46. g5 e5 47. Ke2 Rc2+ 48. Kd3 Rg2 49. Bxa5 Rxg5 50. Bc3 Rg3 51. Bxe5 Rxf3+ 52. Ke2 Ra3 53. b6 h5 54. Kf2 h4 55. Kg2 Re3 56. Bf4 Rc3 57. Bd6 Re3 58. a5 Ra3 59. a6 Rxa6 60. Nxa6 bxa6 61. Kh3 Kb7 62. Bc5 a5 63. Kxh4 1/2-1/2

[Event "34th European Club Cup 2018"]
[Site "Halkidiki"]
[Date "2018.10.16"]
[Round "5"]
[White "Berg, Michael"]
[Black "Ranaldi, Lucas"]
[Result "1/2-1/2"]
[WhiteElo "2331"]
[BlackElo "2335"]
[Annotator "TA"]
[PlyCount "142"]
[EventDate "2018.10.12"]
[EventType "team-tourn"]
[EventCountry "GRE"]
[SourceTitle "playchess.com"]
[Source "ChessBase"]
[SourceQuality "1"]
[WhiteTeam "Solingen"]
[BlackTeam "SK Oslo"]

1. d4 Nf6 2. c4 e6 3. Nf3 b6 4. g3 Bb7 5. Bg2 Be7 6. Nc3 Ne4 7. Bd2 f5 8. O-O O-O 9. Rc1 Bf6 10. Be1 c5 11. d5 exd5 12. cxd5 d6 13. Qb3 Nxc3 14. Bxc3 Nd7 15. Rfd1 a6 16. a4 Rb8 17. Qc2 Bc8 18. b4 Bxc3 19. Qxc3 Re8 20. e3 Ne5 21. Nxe5 Rxe5 22. a5 Re7 23. axb6 cxb4 24. Qxb4 Reb7 25. Rc6 Rxb6 26. Qa3 Bb7 27. h4 Kh8 28. Kh2 h6 29. Rd4 Rc8 30. Qd3 Bxc6 31. dxc6 Rbxc6 32. Bxc6 Rxc6 33. Qxf5 Qf6 34. Qxf6 gxf6 35. Kg2 Kg7 36. Kf3 Kg6 37. Ke4 Rc2 38. f3 f5+ 39. Kf4 Rc6 40. e4 fxe4 41. Kxe4 Rb6 42. Kd5 Rb3 43. Ke4 Rb6 44. Ra4 h5 45. g4 hxg4 46. fxg4 Rc6 47. Kd5 Rb6 48. Ke6 Rb1 49. Kxd6 Rh1 50. g5 a5 51. Kc6 Rf1 52. Kb6 Rf5 53. Re4 Kh5 54. Kc6 Rf1 55. Kd6 Ra1 56. Ke7 a4 57. Kf7 a3 58. Ra4 a2 59. Kg7 Rb1 60. Rxa2 Rb7+ 61. Kf6 Rb6+ 62. Kf7 Rb7+ 63. Ke6 Rb6+ 64. Ke5 Rb5+ 65. Kf4 Rb4+ 66. Kf5 Rb5+ 67. Ke6 Rb6+ 68. Kd7 Kxh4 69. Rg2 Rg6 70. Ke7 Rxg5 71. Rxg5 Kxg5 1/2-1/2

[Event "34th European Club Cup 2018"]
[Site "Halkidiki"]
[Date "2018.10.16"]
[Round "5"]
[White "Gantner, Matthias"]
[Black "Thogersen, Rasmus"]
[Result "0-1"]
[WhiteElo "2331"]
[BlackElo "2277"]
[Annotator "TA"]
[PlyCount "34"]
[EventDate "2018.10.12"]
[EventType "team-tourn"]
[EventCountry "GRE"]
[SourceTitle "playchess.com"]
[Source "ChessBase"]
[SourceQuality "1"]
[WhiteTeam "White Rose"]
[BlackTeam "Jetsmark"]

1. d4 Nf6 2. Bf4 g6 3. Nc3 d5 4. Qd2 Bg7 5. f3 O-O 6. O-O-O c5 7. dxc5 Qa5 8. Kb1 Qxc5 9. Nxd5 Nxd5 10. Qxd5 Qb4 11. Bc1 Be6 12. Qd2 Qb6 13. e3 Nc6 14. a3 Rac8 15. Bd3 Ne5 16. Qb4 Qc7 17. Qf4 Rfd8 0-1

[Event "34th European Club Cup 2018"]
[Site "Halkidiki"]
[Date "2018.10.16"]
[Round "5"]
[White "Parkhov, Yair"]
[Black "Cumming, Rhys"]
[Result "1/2-1/2"]
[WhiteElo "2331"]
[BlackElo "2224"]
[Annotator "TA"]
[PlyCount "53"]
[EventDate "2018.10.12"]
[EventType "team-tourn"]
[EventCountry "GRE"]
[SourceTitle "playchess.com"]
[Source "ChessBase"]
[SourceQuality "1"]
[WhiteTeam "Rehovot"]
[BlackTeam "Oldham"]

1. Nf3 Nf6 2. c4 g6 3. Nc3 d5 4. cxd5 Nxd5 5. h4 Bg7 6. e4 Nxc3 7. dxc3 Qxd1+ 8. Kxd1 Nd7 9. h5 Nc5 10. h6 Bf8 11. e5 Bg4 12. Be3 e6 13. Ke1 Bxf3 14. gxf3 Be7 15. Bc4 Nd7 16. f4 Bc5 17. Ke2 Bxe3 18. fxe3 Ke7 19. Rad1 Rad8 20. Rd4 Nb6 21. Bb3 c5 22. Rxd8 Rxd8 23. Rg1 Nd7 24. Ba4 Nb6 25. Bb3 Nd7 26. Ba4 Nb6 27. Bb3 1/2-1/2

[Event "34th European Club Cup 2018"]
[Site "Halkidiki"]
[Date "2018.10.16"]
[Round "5"]
[White "Sotsky, Alexander"]
[Black "Hajra, Driton"]
[Result "1-0"]
[WhiteElo "2330"]
[BlackElo "1978"]
[Annotator "TA"]
[PlyCount "27"]
[EventDate "2018.10.12"]
[EventType "team-tourn"]
[EventCountry "GRE"]
[SourceTitle "playchess.com"]
[Source "ChessBase"]
[SourceQuality "1"]
[WhiteTeam "Overtime"]
[BlackTeam "Drejtesia"]

1. d4 Nf6 2. Bg5 Ne4 3. Bh4 c5 4. f3 g5 5. fxe4 gxh4 6. e3 Qb6 7. Nc3 e6 8. Nf3 Bg7 9. e5 d6 10. Ne4 dxe5 11. Nfg5 Qc7 12. Qh5 Rf8 13. dxc5 Nd7 14. Nxe6 1-0

[Event "34th European Club Cup 2018"]
[Site "Halkidiki"]
[Date "2018.10.16"]
[Round "5"]
[White "Kosanovic, Goran A"]
[Black "Nikolic, Milos"]
[Result "1/2-1/2"]
[WhiteElo "2329"]
[BlackElo "2279"]
[Annotator "TA"]
[PlyCount "102"]
[EventDate "2018.10.12"]
[EventType "team-tourn"]
[EventCountry "GRE"]
[SourceTitle "playchess.com"]
[Source "ChessBase"]
[SourceQuality "1"]
[WhiteTeam "Sloven Ruma"]
[BlackTeam "Partizan"]

1. d4 Nf6 2. Nf3 g6 3. c4 Bg7 4. Nc3 O-O 5. e3 d6 6. Be2 Nbd7 7. O-O e5 8. Qc2 Re8 9. Rd1 c6 10. b4 e4 11. Nd2 Qe7 12. a4 a5 13. bxa5 Rxa5 14. Nb3 Ra8 15. a5 Nf8 16. Na4 Bf5 17. Nb6 Ra7 18. Bb2 h5 19. a6 bxa6 20. Na5 Qc7 21. c5 d5 22. Qa4 Bg4 23. Qc2 Bxe2 24. Qxe2 Ng4 25. g3 Ne6 26. h3 Nf6 27. Kg2 Ng5 28. h4 Nf3 29. Nb3 g5 30. hxg5 Nxg5 31. Rh1 Qe7 32. Nd2 a5 33. Ra4 Qe6 34. Bc3 Qf5 35. Bxa5 Rae7 36. Bc3 Re6 37. Raa1 Qg6 38. Rh4 Bh6 39. Ra7 Ngh7 40. Rh1 Nf8 41. Nf1 Kg7 42. Nh2 Qf5 43. Rg1 Ng4 44. Nxg4 hxg4 45. Kf1 Bg5 46. Ke1 Rh6 47. Kd1 Rhe6 48. Kc2 R6e7 49. Rga1 Bf6 50. Rxe7 Rxe7 51. Ra8 Rc7 1/2-1/2

[Event "34th European Club Cup 2018"]
[Site "Halkidiki"]
[Date "2018.10.16"]
[Round "5"]
[White "Longson, Alexander"]
[Black "Veinberg, Nimrod"]
[Result "0-1"]
[WhiteElo "2329"]
[BlackElo "2386"]
[Annotator "TA"]
[PlyCount "156"]
[EventDate "2018.10.12"]
[EventType "team-tourn"]
[EventCountry "GRE"]
[SourceTitle "playchess.com"]
[Source "ChessBase"]
[SourceQuality "1"]
[WhiteTeam "Oldham"]
[BlackTeam "Rehovot"]

1. e4 e5 2. Nf3 Nc6 3. Bc4 Bc5 4. c3 Nf6 5. d3 d6 6. O-O O-O 7. Re1 a5 8. Bg5 h6 9. Bh4 g5 10. Bg3 Ba7 11. Na3 Kg7 12. d4 exd4 13. Nxd4 Nxd4 14. cxd4 Bg4 15. Be2 Bxe2 16. Rxe2 d5 17. exd5 Nxd5 18. Nc4 Qd7 19. Nxa5 Qb5 20. Nb3 Rfe8 21. Rxe8 Rxe8 22. Rc1 c6 23. h4 Qe2 24. hxg5 hxg5 25. Qxe2 Rxe2 26. Rb1 Nb4 27. Kf1 Rc2 28. Na1 Rd2 29. Nb3 Rc2 30. Na1 Rc4 31. a3 Nd3 32. Ke2 Rxd4 33. Nc2 Nf4+ 34. Bxf4 Rxf4 35. Ne3 Kf6 36. Rd1 Rd4 37. Rh1 Ke6 38. Rh6+ f6 39. Rh7 Rd7 40. Rh8 Bd4 41. b3 Bc5 42. b4 Be7 43. g4 Bd6 44. Nc4 Bc7 45. Re8+ Kf7 46. Ra8 Ke6 47. Na5 Bb6 48. Nc4 Bd4 49. Rb8 Kd5 50. Na5 b6 51. Nb3 b5 52. Nxd4 Kxd4 53. Re8 Rd5 54. Rc8 Rd6 55. Re8 Kc3 56. Ra8 Rd2+ 57. Ke3 Rd3+ 58. Ke2 Rd4 59. f3 Kb3 60. Ra6 Rc4 61. Ke3 Kb2 62. Kd3 Rc3+ 63. Ke4 Kc2 64. Ra8 Kd2 65. Rd8+ Ke2 66. Rd6 Rc4+ 67. Kf5 Rf4+ 68. Ke6 Kxf3 69. Rxc6 Kxg4 70. Rc5 Kf3 71. Rxb5 g4 72. Rc5 g3 73. Rc3+ Kg4 74. Rc1 g2 75. Rg1 Kg3 76. b5 Ra4 77. Ra1 f5 78. Kxf5 Rf4+ 0-1

[Event "34th European Club Cup 2018"]
[Site "Halkidiki"]
[Date "2018.10.16"]
[Round "5"]
[White "Van der Lende, Ilias"]
[Black "Lindberg, Bo"]
[Result "1-0"]
[WhiteElo "2327"]
[BlackElo "2379"]
[Annotator "TA"]
[PlyCount "99"]
[EventDate "2018.10.12"]
[EventType "team-tourn"]
[EventCountry "GRE"]
[SourceTitle "playchess.com"]
[Source "ChessBase"]
[SourceQuality "1"]
[WhiteTeam "Deloitte"]
[BlackTeam "Team Viking"]

1. d4 Nf6 2. Nf3 e6 3. c4 b6 4. Nc3 Bb4 5. e3 Bb7 6. Bd3 O-O 7. O-O d5 8. Qe2 Nbd7 9. a3 Bxc3 10. bxc3 dxc4 11. Bxc4 c5 12. Bd3 Ne4 13. Bb2 Qc7 14. Nd2 Nxd2 15. Qxd2 e5 16. e4 Rad8 17. Rac1 Qd6 18. f4 cxd4 19. cxd4 exd4 20. e5 Qh6 21. Bxd4 Nc5 22. Bxc5 bxc5 23. Qe3 Rxd3 24. Qxd3 Ba6 25. Qd6 Bxf1 26. Qxh6 gxh6 27. Kxf1 Rc8 28. Ke2 f6 29. exf6 Rc6 30. g4 Rxf6 31. Rc4 Ra6 32. a4 Kf7 33. Kf3 Kf6 34. h3 Ra5 35. Ke4 Ke6 36. h4 Ra6 37. h5 Ra5 38. g5 hxg5 39. fxg5 Ra6 40. h6 Rc6 41. g6 hxg6 42. h7 Rc8 43. Rxc5 Rb8 44. Rc6+ Kf7 45. Rc7+ Ke6 46. Rxa7 Rb4+ 47. Kf3 Rh4 48. a5 Kd5 49. a6 Kc6 50. Rg7 1-0

[Event "34th European Club Cup 2018"]
[Site "Halkidiki"]
[Date "2018.10.16"]
[Round "5"]
[White "Samoun, Florent"]
[Black "Valdes Escobar, Alvaro"]
[Result "1/2-1/2"]
[WhiteElo "2322"]
[BlackElo "2351"]
[Annotator "TA"]
[PlyCount "72"]
[EventDate "2018.10.12"]
[EventType "team-tourn"]
[EventCountry "GRE"]
[SourceTitle "playchess.com"]
[Source "ChessBase"]
[SourceQuality "1"]
[WhiteTeam "Bois-Colombes"]
[BlackTeam "Wood Green"]

1. e4 c5 2. Nf3 d6 3. g3 Nf6 4. d3 Nc6 5. Bg2 Bg4 6. h3 Bh5 7. g4 Bg6 8. Nc3 e6 9. Bf4 Nd7 10. Qd2 Be7 11. Ne2 h6 12. O-O-O Nde5 13. Nxe5 dxe5 14. Be3 Nd4 15. f4 Nxe2+ 16. Qxe2 exf4 17. Bxf4 Bg5 18. Bxg5 Qxg5+ 19. Kb1 O-O-O 20. e5 h5 21. d4 cxd4 22. Qc4+ Kb8 23. Qb4 Rd7 24. Rxd4 Qe7 25. Qxe7 Rxe7 26. Kc1 hxg4 27. hxg4 Rxh1+ 28. Bxh1 f6 29. exf6 gxf6 30. Rd8+ Kc7 31. Rg8 Bh7 32. Rf8 f5 33. gxf5 Bxf5 34. Bf3 Kd6 35. Rb8 b6 36. Rb7 Rxb7 1/2-1/2

[Event "34th European Club Cup 2018"]
[Site "Halkidiki"]
[Date "2018.10.16"]
[Round "5"]
[White "Taylor, Adam C"]
[Black "Papadiamandis, Elliot"]
[Result "1-0"]
[WhiteElo "2321"]
[BlackElo "2149"]
[Annotator "TA"]
[PlyCount "111"]
[EventDate "2018.10.12"]
[EventType "team-tourn"]
[EventCountry "GRE"]
[SourceTitle "playchess.com"]
[Source "ChessBase"]
[SourceQuality "1"]
[WhiteTeam "Wood Green"]
[BlackTeam "Bois-Colombes"]

1. g3 Nf6 2. Nf3 g6 3. b3 Bg7 4. Bb2 d5 5. c4 dxc4 6. bxc4 c5 7. Bg2 O-O 8. O-O Nc6 9. Ne5 Nxe5 10. Bxe5 Ne8 11. Bxg7 Kxg7 12. Nc3 Nf6 13. d3 Rb8 14. Qa4 a6 15. Rab1 Bd7 16. Qa3 Qc7 17. Rb3 b5 18. Nd5 Nxd5 19. Bxd5 Qd6 20. Rc1 b4 21. Qa5 h5 22. a3 bxa3 23. Rxa3 Rb6 24. Qc3+ Kg8 25. Ra5 e6 26. Bf3 Bc6 27. Bxc6 Rxc6 28. Qf6 Rb8 29. h3 Qd4 30. Qxd4 cxd4 31. Rca1 Rbb6 32. Kg2 f6 33. Kf3 Kf7 34. Ke4 e5 35. c5 Rb2 36. Kd5 Rc8 37. Rxa6 Rb5 38. Ra7+ Kg8 39. Rc1 Rd8+ 40. Ke6 Rc8 41. Kxf6 Rbxc5 42. Rxc5 Rxc5 43. Kxg6 Rc6+ 44. Kxh5 Rc2 45. Kg6 Kf8 46. Kf6 Kg8 47. Rg7+ Kf8 48. Rd7 Kg8 49. Kxe5 Rxe2+ 50. Kxd4 Rxf2 51. Ke3 Rh2 52. h4 Rg2 53. Kf4 Rf2+ 54. Kg5 Rg2 55. g4 Rg1 56. d4 1-0

[Event "34th European Club Cup 2018"]
[Site "Halkidiki"]
[Date "2018.10.16"]
[Round "5"]
[White "Corvi, Marco"]
[Black "Mueller, Reinhold"]
[Result "1/2-1/2"]
[WhiteElo "2316"]
[BlackElo "2306"]
[Annotator "TA"]
[PlyCount "51"]
[EventDate "2018.10.12"]
[EventType "team-tourn"]
[EventCountry "GRE"]
[SourceTitle "playchess.com"]
[Source "ChessBase"]
[SourceQuality "1"]
[WhiteTeam "Lazio ASD"]
[BlackTeam "Dublin"]

1. e4 c5 2. Nf3 Nc6 3. Nc3 g6 4. d4 cxd4 5. Nxd4 Bg7 6. Be3 d6 7. Qd2 Nf6 8. f3 O-O 9. Bc4 Bd7 10. O-O-O Rc8 11. Bb3 Nxd4 12. Bxd4 b5 13. Nd5 Nxd5 14. Bxg7 Kxg7 15. exd5 a5 16. a3 Kg8 17. Rhe1 b4 18. axb4 axb4 19. Qxb4 Rb8 20. Qd4 Qa5 21. Rxe7 Rxb3 22. Rxd7 Qa1+ 23. Kd2 Qa5+ 24. Kc1 Qa1+ 25. Kd2 Qa5+ 26. Kc1 1/2-1/2